000 00767nam a2200265 i 4500
001 6303
003 ES-MaACL
005 20230906144855.0
007 t|
008 890921s1987 fr ||||1| fre d
020 _a2-04-016689-0
080 _a1 Lacan
080 _a159.964.2
245 0 0 _aLacan /
_cMarie-Helene Brousse... [et al.] ; sous la direction de Gerard Miller.
260 _aParis :
_bBordas,
_cD.L. 1987.
300 _a188 p. ;
_c18 cm.
490 1 _aPhilosophie
600 1 4 _aLacan, Jacques.
_969324
650 1 4 _aPsicoanálisis.
_916530
700 1 _aBrousse, Marie-Helene.
_931966
700 1 _aMiller, Gerard,
_edir.
_9195115
830 0 _aPhilosophie
_9184047
852 _aES-MaACL
_jL-13424
_bR.115863
_z. - rust.
999 _c6303
_d6303